Who Starred in that TV Show #2 - Statistics

General Stats
  • This quiz has been taken 9,542 times
    6,356 since last reset
  • The average score is 9 of 20
Answer Stats
TV Shows Star % Correct
Doogie Howser M.D., How I Met Your Mother, Spider-Man Neil Patrick Harris
76%
Star Trek, T.J. Hooker, $#*! My Dad Says William Shatner
76%
Family Ties, Spin City, Boston Legal Michael J. Fox
68%
Baywatch, Home Improvement, V.I.P. Pamela Anderson
59%
MacGyver, Stargate SG-1 Richard Dean Anderson
57%
Full House, ER, Jake in Progress John Stamos
47%
Married with Children, 8 Simple Rules, Futurama Katey Sagal
46%
Gossip Girl, Veronica Mars, Heroes Kristen Bell
45%
Buffy the Vampire Slayer, How I Met Your Mother Alyson Hannigan
44%
American Idol, New Year's Rockin' Eve Ryan Seacrest
43%
Reading Rainbow, Star Trek: The Next Generation, Roots LeVar Burton
41%
Three's Company, Step by Step Suzanne Somers
40%
Seinfeld, The King of Queens Jerry Stiller
39%
Murphy Brown, Boston Legal, Sex and the City Candice Bergen
36%
Melrose Place, Spin City, Dynasty Heather Locklear
36%
Community, Saturday Night Live Chevy Chase
35%
Coach, The District, Parenthood Craig T. Nelson
29%
The Soup, Community Joel McHale
27%
Parks and Recreation, Boston Public, The Office Rashida Jones
24%
The Daily Show, Strangers with Candy Stephen Colbert
22%
No matching quizzes found
Score Distribution
Percent of People with Each Score
Percentile by Number Answered
Your Score History
You have not taken this quiz since the last reset